| 000 | 01009nam a22003017a 4500 | ||
|---|---|---|---|
| 001 | 9973 | ||
| 003 | FISKH | ||
| 005 | 20260428102710.0 | ||
| 008 | 260320b cb ||||| |||| 00| 0 eng d | ||
| 020 | _a9780462003146 | ||
| 040 |
_aFISKH _beng _cFISKH _dFISKH |
||
| 050 | _aQL639.5 | ||
| 082 | _a591.392 | ||
| 100 | _aLing, Judy | ||
| 245 |
_aThe hatching / _cWritten by Judy Ling |
||
| 250 | _aThis edition published in 2011 | ||
| 260 |
_aLondon : _bMarshall Cavendish, _c2008. |
||
| 300 |
_a16 pages : _bcolor illustrations ; _c16 x 19 cm |
||
| 490 |
_aMy Pals are here ! : _vReading Stars level 11e |
||
| 505 | _aG | ||
| 520 | _aA simple nonfiction-style story showing how an animal hatches from an egg, helping young readers understand the life cycle of reptiles or similar animals. | ||
| 521 | 8 |
_a380
_bLexile estimate |
|
| 521 | 8 |
_aG
_bRaz-Plus |
|
| 650 |
_aReptiles _vJuvenile fiction |
||
| 650 |
_aAnimal life cycles _vJuvenile fiction |
||
| 942 |
_2ddc _cBK _n0 |
||
| 999 |
_c9973 _d9973 |
||